000 01469cam a2200241 i 4500
005 20251201112647.0
008 250721s2004 su gr 000 0 ara d
020 _a9960464091
082 1 4 _a213
_bم ك ي
100 1 _aالمكي، أحمد المرزوقي المالكي.
_eمؤلف.
245 1 0 _aمنظومة عقيدة العوام،
_bومعها، جلاء الأفهام شرح عقيدة العوام : دروس مستفادة من شرح السيد محمد بن علوي بن عباس المالكي المكي الحسني/
_cتاليف العلامة السيد احمد المرزوقي المالكي المالكي، السيد محمد بن علوي بن عباس المالكي المكي الحسني ؛ جمعها الأستاذ محمد احياء علوم الدين.
246 1 0 _aجلاء الافهام شرح عقيدة العوام دروس مستفادة من شرح السيد محمد بن علوي بن عباس المالكي المكي الحسني.
250 _aالطبعة الثانية.
264 3 1 _aالرياض :
_b[غير معرف]،
_c2004.
300 _a119صفحة.
650 1 7 _aالعقيدة الدينية.
650 1 7 _aأركان الإسلام.
650 1 7 _aالإيمان.
700 1 _aالحسيني، محمد بن علوي بن عباس المالكي المكي
_eشارح.
700 1 _a محمد احياء علوم الدين
_eجامع.
942 _2ddc
_cBK
999 _c96496
_d96496